000 00565cam a2200169 4500500
005 20260405003958.0
041 _afre
042 _adc
100 1 0 _aArdeois, Iris
_eauthor
245 0 0 _a1967 : quand Hannah Arendt prévoyait la prolifération des infox et du deepfake
260 _c2025.
500 _a46
690 _aHannah Arendt
690 _aInfox
786 0 _nPhilosophie magazine | 195 | 13 | 2025-12-01 | p. 120-120 | 1951-1787
856 4 1 _uhttps://shs.cairn.info/magazine-philosophie-magazine-2025-13-page-120?lang=fr&redirect-ssocas=7080
999 _c2072614
_d2072614